000 01295nam0a22003131 4500
001 rc\239202
005 20250621004642.0
010 _a5-239-00777-2
_950000
035 _a(NLR Aleph) 005482995
090 _a5136615
_c5136615
100 _a20030307d1990 |||y0rusy50 ca
101 0 _arus
102 _aRU
105 _aa |||||||||
200 1 _aЯ люблю этот город вязевый...
_eПутеводитель по лит. местам Москвы
_fК. Стародуб, В. Емельянова, И. Краусова
_g[Предисл. Ю. Нагибина]
205 _a2-е изд., доп. и перераб.
210 _aМ.
_cМоск. рабочий
_d1990
215 _a382, [1] с., [24] л. ил.
_cил.
_d22
300 _aЗагл. 1-го изд.: От Кремля до Садовых
320 _aБиблиогр.: с. 378-380
320 _aУказ. имен. и предм.-темат.: с. 362-377
700 1 _aСтародуб
_bК.В.
_gКорнелия Вячеславовна
701 1 _aЕмельянова
_bВ.В.
_gВера Викторовна
701 1 _aКраусова
_bИ.В.
_gИрина Владимировна
801 0 _aRU
_bNLR
_gpsbo
801 1 _aRU
_bELAR
_2rusmarc
852 _aNLR
_j90-3/12557
942 _cBOOK
980 _aNB